FO-LO-AN (KUALA BERANG) ......DARI SINI IA BERSEMI ...... : (Record no. 81453)

MARC details
000 -LEADER
fixed length control field 00860nam a2200253 n 4500
001 - CONTROL NUMBER
control field C2-0273548
003 - CONTROL NUMBER IDENTIFIER
control field PPAK
005 - DATE AND TIME OF LATEST TRANSACTION
control field 20240423145536.0
008 - FIXED-LENGTH DATA ELEMENTS--GENERAL INFORMATION
fixed length control field 060809b my a f | 0 may d
020 ## - INTERNATIONAL STANDARD BOOK NUMBER
Qualifying information paperback
040 ## - CATALOGING SOURCE
Original cataloging agency PPAK
Language of cataloging eng
Transcribing agency PPAK
Description conventions rda
082 04 - DEWEY DECIMAL CLASSIFICATION NUMBER
Edition number 23
Classification number 899.2309
090 00 - LOCALLY ASSIGNED LC-TYPE CALL NUMBER (OCLC); LOCAL CALL NUMBER (RLIN)
Classification number (OCLC) (R) ; Classification number, CALL (RLIN) (NR) 899.2309
Feature heading MOH
Feature heading KK
Classification number (OCLC) (R) ; Classification number, CALL (RLIN) (NR) 899.2309
Feature heading MOH
Feature heading KWS
100 0# - MAIN ENTRY--PERSONAL NAME
Personal name Mohamad Abu Bakar,
Relator term author.
245 10 - TITLE STATEMENT
Title FO-LO-AN (KUALA BERANG) ......DARI SINI IA BERSEMI ...... :
Remainder of title SATU ANEKDOTA /
Statement of responsibility, etc. NUKILAN: MOHAMAD ABU BAKAR
264 #1 - PRODUCTION, PUBLICATION, DISTRIBUTION, MANUFACTURE, AND COPYRIGHT NOTICE
Place of production, publication, distribution, manufacture Terengganu :
Name of producer, publisher, distributor, manufacturer Percetakan Yayasan Islam Terengganu Sdn. Bhd.,
Date of production, publication, distribution, manufacture, or copyright notice [date of publication not identified]
300 ## - PHYSICAL DESCRIPTION
Extent [19 pages] ;
Dimensions 21 cm
336 ## - CONTENT TYPE
Source rdacontent
Content type term text
337 ## - MEDIA TYPE
Source rdamedia
Media type term unmediated
338 ## - CARRIER TYPE
Source rdacarrier
Carrier type term volume
650 10 - SUBJECT ADDED ENTRY--TOPICAL TERM
Topical term or geographic name entry element Malay Literature
Form subdivision History and Critism
942 ## - ADDED ENTRY ELEMENTS (KOHA)
Koha item type Book
Source of classification or shelving scheme Dewey Decimal Classification
Holdings
Withdrawn Not for loan Current library Shelving location Date acquired Full call number Barcode Date last seen Koha item type Total Checkouts
  Not For Loan Perpustakaan Alor Setar Koleksi Kedah 27/07/2006 KK 899.2309 MOH A00158312 09/05/2018 Book  
  Not For Loan Perpustakaan Alor Setar Koleksi Wan Shamsudin 05/05/2024 KWS 899.2309 MOH KWS000948 05/05/2024 Book